000 00637nam a2200277Ia 4500
005 20260324122111.0
008 008 260324s9999 xx 000 0 eng d
020 _a9780429251696
037 _aEBOOK
040 _aCRL
040 _beng
040 _cCRL
041 _2eng
041 _aeng
084 _qCRL
100 _aMike Elbert
_91165110
245 0 _aLean Production for the Small Company
260 _bTaylor and Francis
260 _c2013
365 _a
365 _b290
856 _uhttp://www.taylorfrancis.com/books/9780429251696
942 _cEBOOK
999 _c1757611
_d1757611